000 00675nab a2200229 4500
003 BR-BrBNA
005 20241206121937.0
008 241206b bl.||||| |||| 00| 0 por d
040 _aBR-BrBNA
_bpor
072 _aF06 ; F01 ; N20
100 _aGiacoia Neto, José
245 _aTrabalhando com irrigação em taludes
500 _a1 illus.
520 _aTALUDE
650 _aIRRIGAÇÃO
650 _aJARDIM
650 _aPAISAGISMO
650 _aEQUIPAMENTO DE IRRIGAÇÃO
773 0 _04820
_9344678
_dVotuporanga/SP IRRIGAZINE 2009
_o2024-5012
_tIrrigazine (Brazil)
_gv. 7(26) p. 23-25; (May 20212)
_wBR2024003873
942 _cANA
999 _c329074
_d329074